Movies Quiz

Random Movies or Disney Quiz

Guess the Disney Lyrics 83 Quiz Stats

 Plays Quiz not verified by Sporcle

Score 0/260 Timer 15:00
0 Plays Today
% Correct
I
98.7%
I
98.7%
I
98.7%
I
98.7%
I
98.7%
the
93.8%
the
93.8%
the
93.8%
the
93.8%
the
93.8%
the
93.8%
the
93.8%
the
93.8%
the
93.8%
the
93.8%
the
93.8%
the
93.8%
a
93.6%
a
93.6%
a
93.6%
be
84.9%
be
84.9%
be
84.9%
be
84.9%
be
84.9%
be
84.9%
be
84.9%
be
84.9%
be
84.9%
be
84.9%
be
84.9%
to
81.2%
to
81.2%
to
81.2%
to
81.2%
to
81.2%
is
79.2%
an
78.9%
in
78.2%
can't
78.1%
on
75.5%
on
75.5%
and
75%
and
75%
and
75%
and
75%
And
75%
and
75%
me,
73.9%
me
73.9%
No
70.2%
no
70.2%
No
70.2%
No
70.2%
No
70.2%
no
70.2%
No
70.2%
no
70.2%
no
70.2%
No
70.2%
when
68.3%
If
66.8%
of
66.2%
of
66.2%
of
66.2%
of
66.2%
of
66.2%
my
66%
my
66%
my
66%
my
66%
my
66%
my
66%
She
63.6%
who
63.6%
that
63.2%
that
63.2%
her?
62.6%
I'm
62%
I'm
62%
I'm
62%
I'm
62%
will
56.3%
I'll
55.1%
this
55.1%
I'll
55.1%
this
55.1%
% Correct
like
53.1%
like
53.1%
like
53.1%
not
52.9%
not
52.9%
not
52.9%
at
51.2%
all
50.6%
all
50.6%
I've
49.8%
I've
49.8%
I've
49.8%
I've
49.8%
Just
49.4%
just
49.4%
Just
49.4%
was
48.5%
but
46.5%
way
46.2%
way
46.2%
could
46%
could
46%
from
45.8%
don't
45.5%
Then
45.1%
with
40.5%
with
40.5%
some
40.5%
now
39.9%
time
39.3%
time
39.3%
or
37.9%
day
37.4%
got
37.1%
say.
37.1%
got
37.1%
say:
37.1%
been
36.9%
been
36.9%
been
36.9%
think
36.2%
think
36.2%
him.
36.1%
up
36%
you'll
33.3%
more
33.1%
more
33.1%
more
33.1%
more
33.1%
more
33.1%
more
33.1%
more
33.1%
more
33.1%
more
33.1%
more
33.1%
more
33.1%
mine!
32%
they're
31.2%
thing
29.9%
down
29.6%
going
29.3%
going
29.3%
live
28.9%
right
28.1%
right
28.1%
wish
27.4%
than
26.5%
through
26%
own,
25.8%
'Cause
25.1%
new
23.8%
Things
22.5%
Things'll
22.5%
end
21.5%
feel
21.4%
she'll
21%
gonna
20.5%
Gonna
20.5%
Gonna
20.5%
Gonna
20.5%
gonna
20.5%
gonna
20.5%
gonna
20.5%
Gonna
20.5%
Gonna
20.5%
before.
20.2%
til'
20%
% Correct
need
19.8%
good-bye
19.6%
after
19.3%
After
19.3%
After
19.3%
after
19.3%
after
19.3%
After
19.3%
after
19.3%
after
19.3%
blame
19%
today
18.9%
today,
18.9%
today
18.9%
today.
18.9%
today
18.9%
today
18.9%
today!
18.9%
today.
18.9%
They've
18.7%
looked
16.8%
Kiss
16.3%
looking
15.8%
til'
15.1%
home
14.8%
talk
14.3%
fool!
13%
remember,
12.7%
until
12.7%
anymore.
12.6%
goof
12.6%
goof,
12.6%
sit
12.6%
laugh
12.5%
since
11.9%
Maxy
11.7%
fine.
11.4%
less
11%
week
10.8%
waiting
10.7%
laughin
10.6%
move
10.6%
Roxanne
10.5%
geek,
10.1%
gym,
10%
gym,
10%
gym!
10%
pool.
10%
tests
9.8%
mall.
9.8%
hour
9.8%
algebra
9.6%
September.
9.6%
losers
9.5%
butt.
9.5%
proof
9.4%
textbooks
9.2%
famous,
9.2%
comics!
9%
finding
8.8%
suspended!
8.7%
economics.
8.6%
pep
8.6%
either
8.6%
minutes
8.5%
losin'
8.5%
ended
8.3%
mystery
8.2%
snoozin'
8.2%
forty
8.2%
July!
8.2%
meat.
8.1%
brains'll
8.1%
rallies
8.1%
brains'll
8.1%
snoozin'
8.1%
cheat,
7.9%
losin'
7.9%
havin
7.7%
positive
7.6%
faint
7.5%
party
7.5%
cruisin'
7.4%
cut.
7.4%
parents
7%
cruisin'
6.9%

You're not logged in!

Compare scores with friends on all Sporcle quizzes.
OR
Log In

Show Comments

Extras

Top Quizzes Today


Score Distribution

Your Account Isn't Verified!

In order to create a playlist on Sporcle, you need to verify the email address you used during registration. Go to your Sporcle Settings to finish the process.

Report this User

Report this user for behavior that violates our Community Guidelines.

Details: